000 00415nam a2200169 a 4500
001 1763796556184
003 ACL
005 20251122130144.0
008 251122s2006##################000#0#eng##
020 _a9780070621060
082 0 4 _a621.382
_bNAR
100 1 _aNarang,
_eauthor.
245 1 0 _a2G Mobile Networks :
260 _bTata McGraw-Hill Education,
_c2006.
942 _cENGLISH
040 _aACL
_beng
_cACL
999 _c598419
_d598419